Statistics for Hurricane/Cyclone By Satellite Image

Click here to take the quiz!

General Stats

  • This quiz has been taken 46 times
  • The average score is 12 of 24

Answer Stats

Answer% Correct
Hurricane Katrina
91%
Hurricane Irma
88%
Hurricane Harvey
82%
Hurricane Wilma
79%
Hurricane Sandy
73%
Hurricane Patricia
70%
Hurricane Maria
67%
Hurricane Matthew
67%
Hurricane Felix
61%
Typhoon Haiyan
61%
Hurricane Isabel
58%
Hurricane Gilbert
55%
Typhoon Tip
55%
Hurricane Allen
52%
Cyclone Winston
48%
1999 Odisha Cyclone
39%
Hurricane Catarina
33%
Hurricane Rick
30%
Cyclone Gonu
27%
Typhoon Megi
27%
Cyclone Pam
24%
Typhoon Meranti
21%
Cyclone Fantala
18%
Cyclone Inigo
12%

Score Distribution

Percentile by Number Answered

Percent of People with Each Score

Your Score History

You have not taken this quiz